<?xml version="1.0" encoding="UTF-8"?>
<record
    xmlns:xsi="http://www.w3.org/2001/XMLSchema-instance"
    xsi:schemaLocation="http://www.loc.gov/MARC21/slim http://www.loc.gov/standards/marcxml/schema/MARC21slim.xsd"
    xmlns="http://www.loc.gov/MARC21/slim">

  <leader>02699nam0a2200433 i 4500</leader>
  <controlfield tag="001">RU\NLR\BIBL_A\010582219</controlfield>
  <controlfield tag="005">20260408084641.0</controlfield>
  <datafield tag="010" ind1=" " ind2=" ">
    <subfield code="a">9785906051738</subfield>
    <subfield code="9">500</subfield>
  </datafield>
  <datafield tag="021" ind1=" " ind2=" ">
    <subfield code="a">RU</subfield>
    <subfield code="b">2014-84740</subfield>
    <subfield code="9">5151</subfield>
  </datafield>
  <datafield tag="035" ind1=" " ind2=" ">
    <subfield code="a">(NILC)LIBNET\0000500974</subfield>
  </datafield>
  <datafield tag="035" ind1=" " ind2=" ">
    <subfield code="a">(NLR Aleph) 010582219</subfield>
  </datafield>
  <datafield tag="090" ind1=" " ind2=" ">
    <subfield code="a">10466101</subfield>
    <subfield code="c">10466101</subfield>
  </datafield>
  <datafield tag="100" ind1=" " ind2=" ">
    <subfield code="a">20150113d2014    k  y0rusy50      ca</subfield>
  </datafield>
  <datafield tag="101" ind1="0" ind2=" ">
    <subfield code="a">rus</subfield>
    <subfield code="d">eng</subfield>
    <subfield code="e">rus</subfield>
    <subfield code="e">eng</subfield>
  </datafield>
  <datafield tag="102" ind1=" " ind2=" ">
    <subfield code="a">RU</subfield>
  </datafield>
  <datafield tag="105" ind1=" " ind2=" ">
    <subfield code="a">y|||z|||011yy</subfield>
  </datafield>
  <datafield tag="200" ind1="1" ind2=" ">
    <subfield code="a">&#x420;&#x43E;&#x441;&#x441;&#x438;&#x439;&#x441;&#x43A;&#x430;&#x44F; &#x433;&#x43E;&#x441;&#x443;&#x434;&#x430;&#x440;&#x441;&#x442;&#x432;&#x435;&#x43D;&#x43D;&#x43E;&#x441;&#x442;&#x44C; &#x432; &#x43F;&#x435;&#x440;&#x438;&#x43E;&#x434;&#x44B; &#x43A;&#x440;&#x438;&#x437;&#x438;&#x441;&#x43E;&#x432;, &#x432;&#x43E;&#x439;&#x43D; &#x438; &#x440;&#x435;&#x432;&#x43E;&#x43B;&#x44E;&#x446;&#x438;&#x439;: &#x432;&#x43B;&#x430;&#x441;&#x442;&#x44C;, &#x446;&#x435;&#x43D;&#x43D;&#x43E;&#x441;&#x442;&#x438;, &#x438;&#x43D;&#x441;&#x442;&#x438;&#x442;&#x443;&#x442;&#x44B;</subfield>
    <subfield code="d">The Russian statehood during the periods of crises, wars and revolutions: the power, values, institutes</subfield>
    <subfield code="e">(&#x43A; 100-&#x43B;&#x435;&#x442;&#x438;&#x44E; &#x43D;&#x430;&#x447;&#x430;&#x43B;&#x430; &#x41F;&#x435;&#x440;&#x432;&#x43E;&#x439; &#x43C;&#x438;&#x440;&#x43E;&#x432;&#x43E;&#x439; &#x432;&#x43E;&#x439;&#x43D;&#x44B;)</subfield>
    <subfield code="f">[&#x411;&#x430;&#x440;&#x430;&#x43D;&#x43E;&#x432; &#x410;.&#x412;., &#x411;&#x430;&#x440;&#x430;&#x43D;&#x43E;&#x432; &#x41D;.&#x410;., &#x434;&#x43E;&#x43A;&#x442;&#x43E;&#x440;&#x430; &#x43F;&#x43E;&#x43B;&#x438;&#x442;. &#x43D;&#x430;&#x443;&#x43A;, &#x43F;&#x440;&#x43E;&#x444;&#x435;&#x441;&#x441;&#x43E;&#x440;&#x430;, &#x411;&#x43B;&#x44F;&#x445;&#x435;&#x440; &#x41B;.&#x415;., &#x434;.&#x444;&#x438;&#x43B;&#x43E;&#x441;.&#x43D;. &#x438; &#x434;&#x440;.]</subfield>
    <subfield code="g">&#x43F;&#x43E;&#x434; &#x440;&#x435;&#x434;. &#x415;&#x432;&#x441;&#x442;&#x438;&#x444;&#x435;&#x435;&#x432;&#x430; &#x420;.&#x412;.</subfield>
    <subfield code="g">&#x420;&#x43E;&#x441;. &#x430;&#x43A;&#x430;&#x434;. &#x43D;&#x430;&#x440;. &#x445;&#x43E;&#x437;-&#x432;&#x430; &#x438; &#x433;&#x43E;&#x441;. &#x441;&#x43B;&#x443;&#x436;&#x431;&#x44B; &#x43F;&#x440;&#x438; &#x41F;&#x440;&#x435;&#x437;&#x438;&#x434;&#x435;&#x43D;&#x442;&#x435; &#x420;&#x43E;&#x441;. &#x424;&#x435;&#x434;&#x435;&#x440;&#x430;&#x446;&#x438;&#x438; &#x420;&#x410;&#x41D;&#x425;&#x438;&#x413;&#x421;, &#x412;&#x43B;&#x430;&#x434;&#x438;&#x43C;. &#x444;&#x438;&#x43B;.</subfield>
    <subfield code="z">eng</subfield>
  </datafield>
  <datafield tag="210" ind1=" " ind2=" ">
    <subfield code="a">&#x412;&#x43B;&#x430;&#x434;&#x438;&#x43C;&#x438;&#x440;</subfield>
    <subfield code="c">[&#x431;. &#x438;.]</subfield>
    <subfield code="d">2014</subfield>
  </datafield>
  <datafield tag="215" ind1=" " ind2=" ">
    <subfield code="a">399 &#x441;.</subfield>
    <subfield code="d">20</subfield>
  </datafield>
  <datafield tag="300" ind1=" " ind2=" ">
    <subfield code="a">&#x410;&#x432;&#x442;. &#x443;&#x43A;&#x430;&#x437;&#x430;&#x43D;&#x44B; &#x43D;&#x430; 3-&#x439; &#x441;.</subfield>
  </datafield>
  <datafield tag="300" ind1=" " ind2=" ">
    <subfield code="a">&#x420;&#x435;&#x437;. &#x43D;&#x430; &#x430;&#x43D;&#x433;&#x43B;. &#x44F;&#x437;.</subfield>
  </datafield>
  <datafield tag="320" ind1=" " ind2=" ">
    <subfield code="a">&#x411;&#x438;&#x431;&#x43B;&#x438;&#x43E;&#x433;&#x440;. &#x432; &#x43F;&#x43E;&#x434;&#x441;&#x442;&#x440;&#x43E;&#x447;. &#x43F;&#x440;&#x438;&#x43C;&#x435;&#x447;.</subfield>
  </datafield>
  <datafield tag="510" ind1="1" ind2=" ">
    <subfield code="a">The Russian statehood during the periods of crises, wars and revolutions: the power, values, institutes</subfield>
    <subfield code="z">eng</subfield>
  </datafield>
  <datafield tag="607" ind1=" " ind2=" ">
    <subfield code="a">&#x420;&#x43E;&#x441;&#x441;&#x438;&#x44F;</subfield>
    <subfield code="x">&#x41F;&#x43E;&#x43B;&#x438;&#x442;&#x438;&#x43A;&#x430; &#x438; &#x443;&#x43F;&#x440;&#x430;&#x432;&#x43B;&#x435;&#x43D;&#x438;&#x435;</subfield>
    <subfield code="9">2185909</subfield>
    <subfield code="3">RU\NLR\AUTH\661314244</subfield>
  </datafield>
  <datafield tag="686" ind1=" " ind2=" ">
    <subfield code="a">63.3(2)5-33</subfield>
    <subfield code="v">LBC/M</subfield>
    <subfield code="2">rubbk</subfield>
  </datafield>
  <datafield tag="686" ind1=" " ind2=" ">
    <subfield code="a">63.3(2)6-33</subfield>
    <subfield code="v">LBC/M</subfield>
    <subfield code="2">rubbk</subfield>
  </datafield>
  <datafield tag="686" ind1="1" ind2=" ">
    <subfield code="a">&#x422;3(2)0-5</subfield>
  </datafield>
  <datafield tag="701" ind1=" " ind2="1">
    <subfield code="8">rus</subfield>
    <subfield code="7">ca</subfield>
    <subfield code="a">&#x411;&#x430;&#x440;&#x430;&#x43D;&#x43E;&#x432;</subfield>
    <subfield code="b">&#x410;. &#x412;.</subfield>
    <subfield code="c">&#x434;-&#x440; &#x438;&#x441;&#x442;. &#x43D;&#x430;&#x443;&#x43A;, &#x434;-&#x440; &#x43F;&#x43E;&#x43B;&#x438;&#x442;. &#x43D;&#x430;&#x443;&#x43A;</subfield>
    <subfield code="f">1966 -</subfield>
    <subfield code="g">&#x410;&#x43D;&#x434;&#x440;&#x435;&#x439; &#x412;&#x43B;&#x430;&#x434;&#x438;&#x43C;&#x438;&#x440;&#x43E;&#x432;&#x438;&#x447;</subfield>
    <subfield code="3">RU\NLR\AUTH\7732796</subfield>
    <subfield code="9">15804</subfield>
  </datafield>
  <datafield tag="701" ind1=" " ind2="1">
    <subfield code="7">ca</subfield>
    <subfield code="8">rus</subfield>
    <subfield code="a">&#x411;&#x430;&#x440;&#x430;&#x43D;&#x43E;&#x432;</subfield>
    <subfield code="b">&#x41D;. &#x410;.</subfield>
    <subfield code="c">&#x434;-&#x440; &#x43F;&#x43E;&#x43B;&#x438;&#x442;. &#x43D;&#x430;&#x443;&#x43A;</subfield>
    <subfield code="f">1956-</subfield>
    <subfield code="g">&#x41D;&#x438;&#x43A;&#x43E;&#x43B;&#x430;&#x439; &#x410;&#x43B;&#x435;&#x43A;&#x441;&#x435;&#x435;&#x432;&#x438;&#x447;</subfield>
    <subfield code="9">16696</subfield>
    <subfield code="3">RU\NLR\AUTH\7733688</subfield>
  </datafield>
  <datafield tag="701" ind1=" " ind2="1">
    <subfield code="a">&#x411;&#x43B;&#x44F;&#x445;&#x435;&#x440;</subfield>
    <subfield code="b">&#x41B;. &#x415;.</subfield>
    <subfield code="g">&#x41B;&#x435;&#x43E;&#x43D;&#x438;&#x434; &#x415;&#x444;&#x438;&#x43C;&#x43E;&#x432;&#x438;&#x447;</subfield>
  </datafield>
  <datafield tag="702" ind1=" " ind2="1">
    <subfield code="a">&#x415;&#x432;&#x441;&#x442;&#x438;&#x444;&#x435;&#x435;&#x432;</subfield>
    <subfield code="b">&#x420;. &#x412;.</subfield>
    <subfield code="g">&#x420;&#x43E;&#x43C;&#x430;&#x43D; &#x412;&#x43B;&#x430;&#x434;&#x438;&#x43C;&#x438;&#x440;&#x43E;&#x432;&#x438;&#x447;</subfield>
    <subfield code="4">340</subfield>
  </datafield>
  <datafield tag="712" ind1="0" ind2="2">
    <subfield code="4">570</subfield>
    <subfield code="a">&#x420;&#x43E;&#x441;&#x441;&#x438;&#x439;&#x441;&#x43A;&#x430;&#x44F; &#x430;&#x43A;&#x430;&#x434;&#x435;&#x43C;&#x438;&#x44F; &#x43D;&#x430;&#x440;&#x43E;&#x434;&#x43D;&#x43E;&#x433;&#x43E; &#x445;&#x43E;&#x437;&#x44F;&#x439;&#x441;&#x442;&#x432;&#x430; &#x438; &#x433;&#x43E;&#x441;&#x443;&#x434;&#x430;&#x440;&#x441;&#x442;&#x432;&#x435;&#x43D;&#x43D;&#x43E;&#x439; &#x441;&#x43B;&#x443;&#x436;&#x431;&#x44B;</subfield>
    <subfield code="b">&#x412;&#x43B;&#x430;&#x434;&#x438;&#x43C;&#x438;&#x440;&#x441;&#x43A;&#x438;&#x439; &#x444;&#x438;&#x43B;&#x438;&#x430;&#x43B;</subfield>
    <subfield code="3">RU\NLR\AUTH\8810200081</subfield>
    <subfield code="9">288532</subfield>
  </datafield>
  <datafield tag="801" ind1=" " ind2="0">
    <subfield code="a">RU</subfield>
    <subfield code="b">&#x413;&#x41F;&#x418;&#x411; &#x420;&#x43E;&#x441;&#x441;&#x438;&#x438;</subfield>
    <subfield code="c">20141203</subfield>
    <subfield code="g">rcr</subfield>
  </datafield>
  <datafield tag="801" ind1=" " ind2="1">
    <subfield code="a">RU</subfield>
    <subfield code="b">&#x413;&#x41F;&#x418;&#x411; &#x420;&#x43E;&#x441;&#x441;&#x438;&#x438;</subfield>
    <subfield code="c">20141203</subfield>
    <subfield code="g">rcr</subfield>
    <subfield code="2">rusmarc</subfield>
  </datafield>
  <datafield tag="830" ind1=" " ind2=" ">
    <subfield code="a">068</subfield>
  </datafield>
  <datafield tag="942" ind1=" " ind2=" ">
    <subfield code="c">BOOK</subfield>
  </datafield>
  <datafield tag="980" ind1=" " ind2=" ">
    <subfield code="a">NBR</subfield>
  </datafield>
</record>
